| 000 | 00881cam a2200253 i 4500 | ||
|---|---|---|---|
| 008 | |||
| 020 | _a0470150807 (hbk.) | ||
| 049 | _aMAIN | ||
| 090 |
_aQD115 _bGAL |
||
| 100 | 1 | _aGalus, Zbigniew. | |
| 240 | 1 | 0 |
_aTeoretyczne podstawy elektroanalizy chemicznej. _lEnglish |
| 245 | 1 | 0 |
_aFundamentals of electrochemical analysis / _cZ. Galus ; translation editor, G. F. Reynolds ; [translated by Stefan Marcinkiewicz]. |
| 260 |
_aChichester : _bEllis Horwood, _cc1976. |
||
| 300 |
_axviii, 520 p. : _bill. ; _c24 cm. |
||
| 440 | 0 | _aEllis Horwood series in analytical chemistry. | |
| 500 | _aIncludes index. | ||
| 504 | _aIncludes bibliographical references. | ||
| 650 | 0 | _aElectrochemical analysis. | |
| 907 |
_a.b10048728 _b12-07-06 _c17-04-03 |
||
| 003 | |||
| 005 | 20230123133221.0 | ||
| 040 | _cNUST | ||
| 942 |
_cBOOKS _kQD115 _mGAL |
||
| 999 |
_c144766 _d144766 |
||